| 000 | 01714cam a22002295a 4500 | ||
|---|---|---|---|
| 001 | L155817 | ||
| 008 | 120417s2011 xxk f 000 0 eng d | ||
| 020 | _a9780203840511 | ||
| 035 | _a(Sirsi) u155817 | ||
| 041 | 0 | _aeng | |
| 245 | 0 | 0 |
_aCollaborative Working in Construction _h[electronic resource] |
| 260 |
_bRoutledge _c2011 |
||
| 300 | _aeBook | ||
| 505 | 2 | _a1 Introduction -- 2 Collaboration: key concepts -- 3 Planning and Implementation of Effective Collaborative Working in Construction -- 4 Information management and collaboration -- 5 Mobile communications and wireless technologies -- 6 Multidisciplinary Collaborative Design Optimisation -- 7 Change management -- 8 Change management framework -- 9 Collaboration implementation in construction: case studies -- 10 Industry perspective and conclusions | |
| 520 | _aThis book provides clear explanations of how to successfully devise and implement a collaboration strategy. The concepts introduced include: collaborative working as a holistic concept in construction a new framework on how to plan and implement effective collaboration change management approaches for introducing collaborative working systems, and implementing new technologies in construction projects Examinations of emerging technologies like mobile and wireless are combined with overviews of relevant management theories, and industry case studies, to provide a comprehensive guide suitable for both practitioners and students. | ||
| 650 | 2 | 4 | _aEBOOK |
| 651 | 4 | _aINTERNATIONAL | |
| 690 | _aBusiness and management | ||
| 700 | 1 | _aBouchlaghem, Dino | |
| 856 | 4 | 0 |
_uhttps://www.vlebooks.com/ _zView on VLEbooks. Logins for members only from [email protected] |
| 942 | _n0 | ||
| 999 |
_c113848 _d113848 |
||